00516 2200205 4500001002100000005001500021035002000036245007500056100001700131250000800148300002100156856001100177260003000188082001100218084001700229020002200246650001000268990001600278990001600294INLIS00000000000335020260210082738 a0010-02260000161 aMUHAMMAD :bKisah Hidup Nabi Berdasarkan Sumber Klasik /cMartin Lings0 aMartin Lings aXII a671 ;c13.5 x 30 a2x9.13 aJakarta :bSerambi,c2008 a2x9.13 a2x9.13 MAR m a978-979-1275-33-0 4aAgama a19.907/H/26 a19.906/H/26